• 首页
  • 本馆介绍
  • 公告通知
  • 最新文献
  • 馆藏检索
  • 电子资源
  • 读者导购
  • 参考咨询
  • 我的图书馆
  • 登录
  • 详细信息显示
  • 放入我的书架
  • 预约/预借图书
  • 作者相关作品
  • 分类相关作品
  • 丛书相关作品
  • 出版社相关作品

书目信息

  • 表格格式
  • 工作单格式
  • 卡片格式
题名:
普通中文图书的编目技巧及实战案例
    
 
作者: 卢炎香 著
分册:  
出版信息: 北京   光明日报出版社  2022.09
页数: 195页
开本: 24cm
丛书名:
单 册:
中图分类: G254.3
科图分类:
主题词: 中文图书--Zhong Wen Tu Shu--图书编目
电子资源:
ISBN: 978-7-5194-4523-2
000 01151nam0 2200253 450
001 012001001844
005 20140202085848.0
010    @a978-7-5194-4523-2@dCNY75.00
099    @aCAL 012018191974
100    @a20220905d2018 em y0chiy50 ea
101 0  @achi
102    @aCN@b110000
105    @aa a 000yy
106    @ar
200 1  @a普通中文图书的编目技巧及实战案例@APu Tong Zhong Wen Tu Shu De Bian Mu Ji Qiao Ji Shi Zhan An Li@f卢炎香著
210    @a北京@c光明日报出版社@d2022.09
215    @a195页@c图@d24cm
320    @a有书目 (第192-195页)
330    @a随着信息资源剧增, 信息技术和网络技术的日新月异, 文献信息编目也随之发展变化, 信息组织的内容更加丰富, 编目规则不断更新。编目工作的自动化、网络化、多元化和共享化, 要求编目工作人员既要掌握文献信息组织的理论, 又能熟练运用, 规范地编制书目数据。本书介绍了普通中文图书编目的基础知识, 详细解读了CNMARC字段, 并配以大量实战案例, 总结了多年的编目工作经验, 理论与实践相结合, 为编目工作人员提高技能提供参考。
606 0  @a中文图书@AZhong Wen Tu Shu@x图书编目
690    @aG254.3@v5
701  0 @a卢炎香@ALu Yan Xiang@4著
801  0 @aCN@bAHXH@c20221111
905    @b1367066-8@dG254.3@e162@f3
    
    普通中文图书的编目技巧及实战案例/卢炎香著.-北京:光明日报出版社,2022.09
    195页:图;24cm
    
    
    ISBN 978-7-5194-4523-2:CNY75.00
    随着信息资源剧增, 信息技术和网络技术的日新月异, 文献信息编目也随之发展变化, 信息组织的内容更加丰富, 编目规则不断更新。编目工作的自动化、网络化、多元化和共享化, 要求编目工作人员既要掌握文献信息组织的理论, 又能熟练运用, 规范地编制书目数据。本书介绍了普通中文图书编目的基础知识, 详细解读了CNMARC字段, 并配以大量实战案例, 总结了多年的编目工作经验, 理论与实践相结合, 为编目工作人员提高技能提供参考。
●
相关链接 在E读中查询图书 在五车中查询图书 在当当中查询图书 在豆瓣中查询图书


正题名:普通中文图书的编目技巧及实战案例     索取号:G254.3/162         预约/预借

序号 登录号 条形码 馆藏地/架位号 状态 备注
1 1367066   213670669   第一样本阅览室/ [索取号:G254.3/162] 在馆    
2 1367067   213670678   第四借阅区/ [索取号:G254.3/162] 在馆    
3 1367068   213670687   第四借阅区/ [索取号:G254.3/162] 在馆    
唐山师范学院图书馆 欢迎您!
大连网信软件有限公司© 版权所有